[Event "19th EUR-ch"]
[Site "Batumi GEO"]
[Date "2018.03.22"]
[Round "6.34"]
[White "Santos Latasa, Jaime"]
[Black "Mamedov, Rauf"]
[Result "0-1"]
[WhiteElo "2549"]
[BlackElo "2709"]
[EventDate "2018.03.17"]
[PlyCount "100"]

1.d4 d5 2.c4 c6 3.Nf3 Nf6 4.e3 Bf5 5.Nc3 e6 6.Nh4 Be4 7.f3 Bg6 8.Qb3 Qc7 
9.Bd2 Be7 10.Nxg6 hxg6 11.g3 a6 12.Rc1 dxc4 13.Bxc4 Nbd7 14.O-O Rc8 15.Be2
O-O 16.Rfd1 c5 17.dxc5 Nxc5 18.Qc2 b5 19.b4 Ncd7 20.Qb3 Qb7 21.a4 Ne5 22.
Kf2 Nc4 23.axb5 axb5 24.Rc2 Nd5 25.Nxb5 Nxd2 26.Rdxd2 Qb6 27.Nd4 Bxb4 28.
Rxc8 Rxc8 29.Rc2 Rb8 30.f4 Be1+ 31.Kxe1 Qa5+ 32.Kf2 Rxb3 33.Nxb3 Qa3 34.
Bc4 Nf6 35.Ke2 Qa8 36.Nd4 Qg2+ 37.Kd3 Qf1+ 38.Re2 Ng4 39.Kd2 Nf2 40.Bb3 
Ne4+ 41.Kd3 Nd6 42.Kd2 Qb1 43.Bc2 Qb4+ 44.Kd3 Qa3+ 45.Bb3 Qa6+ 46.Kc2 Ne4 
47.Kb2 Qd3 48.Bc2 Qc3+ 49.Kb1 Nd2+ 50.Kc1 Nc4 0-1

[Event "19th EUR-ch"]
[Site "Batumi GEO"]
[Date "2018.03.22"]
[Round "6.35"]
[White "Ponomariov, Ruslan"]
[Black "Stupak, Kirill"]
[Result "1/2-1/2"]
[WhiteElo "2697"]
[BlackElo "2541"]
[EventDate "2018.03.17"]
[PlyCount "35"]

1.e4 e6 2.d4 d5 3.exd5 exd5 4.Nf3 Bf5 5.Bd3 Bxd3 6.Qxd3 c6 7.O-O Bd6 8.b3 
Ne7 9.c4 Nd7 10.Nc3 O-O 11.Bg5 f6 12.Bd2 Re8 13.Rfe1 Nf8 14.Re2 Bb4 15.
Rae1 Bxc3 16.Qxc3 Qd7 17.Qa5 Kf7 18.Bb4 1/2-1/2

[Event "19th EUR-ch"]
[Site "Batumi GEO"]
[Date "2018.03.22"]
[Round "6.36"]
[White "Boruchovsky, Avital"]
[Black "Kuzubov, Yuriy"]
[Result "1-0"]
[WhiteElo "2542"]
[BlackElo "2689"]
[EventDate "2018.03.17"]
[PlyCount "45"]

1.e4 e5 2.Nf3 Nf6 3.Nxe5 d6 4.Nf3 Nxe4 5.d4 d5 6.Bd3 Be7 7.O-O Bf5 8.Re1 
O-O 9.Nc3 Nxc3 10.bxc3 Bxd3 11.cxd3 Nc6 12.Rb1 b6 13.Qa4 Na5 14.Bd2 c5 15.
Ne5 Qe8 16.Nd7 cxd4 17.cxd4 Rd8 18.Rxe7 Qxe7 19.Nxf8 Qxf8 20.Bxa5 bxa5 21.
Qxa5 Rd7 22.Qb5 Qd8 23.Qxd7 1-0

[Event "19th EUR-ch"]
[Site "Batumi GEO"]
[Date "2018.03.22"]
[Round "6.37"]
[White "Jobava, Baadur"]
[Black "Repka, Christopher"]
[Result "1-0"]
[WhiteElo "2685"]
[BlackElo "2524"]
[EventDate "2018.03.17"]
[PlyCount "78"]

1.d4 e6 2.e4 d5 3.Nc3 Nf6 4.Bg5 dxe4 5.Nxe4 Be7 6.Bxf6 gxf6 7.c3 f5 8.Ng3 
c5 9.d5 Qxd5 10.Qxd5 exd5 11.Bd3 Nc6 12.Bxf5 Be6 13.N1e2 O-O-O 14.Rd1 Kb8 
15.O-O Bd6 16.Rfe1 h5 17.h4 Ne7 18.Bxe6 fxe6 19.Nc1 e5 20.b3 e4 21.Nf1 Nf5
22.g3 Bc7 23.c4 Ba5 24.Re2 Nd4 25.cxd5 Rxd5 26.Kg2 Re5 27.Rb2 Bc3 28.Rb1 
Rg8 29.Ne3 Nf3 30.Ne2 Bd4 31.Kh3 Re7 32.Nf4 Ne5 33.Rd2 Rf7 34.Rf1 Nd3 35.
Neg2 Ne5 36.Ne3 Nd3 37.Ned5 Rgf8 38.Nxd3 exd3 39.Nf4 Be5 1-0

[Event "19th EUR-ch"]
[Site "Batumi GEO"]
[Date "2018.03.22"]
[Round "6.38"]
[White "Lenic, Luka"]
[Black "Kelires, Andreas"]
[Result "0-1"]
[WhiteElo "2662"]
[BlackElo "2523"]
[EventDate "2018.03.17"]
[PlyCount "58"]

1.d4 Nf6 2.c4 e6 3.Nf3 c5 4.d5 d6 5.Nc3 exd5 6.cxd5 g6 7.Bf4 Bg7 8.Qa4+ 
Bd7 9.Qb3 Qc7 10.Nd2 Nh5 11.Be3 O-O 12.g3 Na6 13.Bg2 f5 14.Nf3 f4 15.Bc1 
c4 16.Qd1 Qb6 17.Ne4 Rae8 18.Nfg5 Nc5 19.Nxc5 Qxc5 20.Ne4 Rxe4 21.Bxe4 
fxg3 22.O-O Rxf2 23.e3 Rxf1+ 24.Qxf1 gxh2+ 25.Kxh2 Be5+ 26.Kg1 Ng3 27.Qf3 
c3 28.b4 Qc4 29.Bc2 Qh4 0-1

[Event "19th EUR-ch"]
[Site "Batumi GEO"]
[Date "2018.03.22"]
[Round "6.39"]
[White "Palac, Mladen"]
[Black "Moiseenko, Olexandr"]
[Result "1/2-1/2"]
[WhiteElo "2546"]
[BlackElo "2659"]
[EventDate "2018.03.17"]
[PlyCount "23"]

1.Nf3 Nf6 2.c4 e6 3.g3 d5 4.d4 Bb4+ 5.Bd2 Bd6 6.Bg2 Nbd7 7.c5 Be7 8.O-O 
O-O 9.Qc2 c6 10.Nc3 b6 11.b4 a5 12.a3 1/2-1/2

[Event "19th EUR-ch"]
[Site "Batumi GEO"]
[Date "2018.03.22"]
[Round "6.40"]
[White "Kovalev, Vladislav"]
[Black "Maghalashvili, Davit"]
[Result "1/2-1/2"]
[WhiteElo "2650"]
[BlackElo "2508"]
[EventDate "2018.03.17"]
[PlyCount "73"]

1.e4 e6 2.d4 d5 3.Nd2 dxe4 4.Nxe4 Nd7 5.Nf3 Ngf6 6.Nxf6+ Nxf6 7.Be3 Nd5 8.
Bd2 c5 9.Bb5+ Bd7 10.Bxd7+ Qxd7 11.c4 Nb6 12.Rc1 f6 13.dxc5 Bxc5 14.O-O 
O-O 15.b4 Be7 16.c5 Nd5 17.Nd4 Rac8 18.Qg4 f5 19.Qe2 Bf6 20.Qxe6+ Qxe6 21.
Nxe6 Rfe8 22.Nf4 Nxf4 23.Bxf4 Re4 24.Bd2 Re2 25.Rfd1 Rd8 26.Be3 Rxd1+ 27.
Rxd1 Rxa2 28.b5 Rb2 29.c6 bxc6 30.bxc6 Rc2 31.Rc1 Rxc1+ 32.Bxc1 Be5 33.Be3
Kf7 34.Bxa7 Ke6 35.Bb6 Kd6 36.c7 Kd7 37.g3 1/2-1/2

[Event "19th EUR-ch"]
[Site "Batumi GEO"]
[Date "2018.03.22"]
[Round "6.41"]
[White "Nevednichy, Vladislav"]
[Black "Meier, Georg"]
[Result "1/2-1/2"]
[WhiteElo "2542"]
[BlackElo "2648"]
[EventDate "2018.03.17"]
[PlyCount "52"]

1.e4 e6 2.d4 d5 3.exd5 exd5 4.Nf3 c6 5.Bd3 Bd6 6.O-O Ne7 7.c3 Bg4 8.Re1 
Nd7 9.Nbd2 Bh5 10.Nf1 Bg6 11.Be2 Qc7 12.a4 O-O 13.Nh4 Be4 14.f3 Bg6 15.
Nxg6 Nxg6 16.g3 Rfe8 17.Kg2 Ngf8 18.Bd3 Ne6 19.Be3 Nf6 20.Qc2 c5 21.dxc5 
Bxc5 22.Rad1 Rad8 23.Bf5 Bxe3 24.Nxe3 g6 25.Bxe6 fxe6 26.Re2 a6 1/2-1/2

[Event "19th EUR-ch"]
[Site "Batumi GEO"]
[Date "2018.03.22"]
[Round "6.42"]
[White "Nguyen, Thai Dai Van"]
[Black "Fridman, Daniel"]
[Result "0-1"]
[WhiteElo "2517"]
[BlackElo "2637"]
[EventDate "2018.03.17"]
[PlyCount "74"]

1.c4 e6 2.Nc3 d5 3.d4 Nf6 4.cxd5 exd5 5.Bg5 c6 6.e3 Bf5 7.Qf3 Be6 8.Bxf6 
Qxf6 9.Qxf6 gxf6 10.Bd3 Nd7 11.Nge2 h5 12.h4 Bd6 13.f3 Nb6 14.Kf2 Nc8 15.
g3 Ne7 16.Nf4 Bf5 17.Nce2 O-O-O 18.Rag1 Rde8 19.g4 hxg4 20.fxg4 Bd7 21.g5 
fxg5 22.Rxg5 Ng8 23.h5 Nh6 24.Kf3 Be7 25.Rg2 Bf5 26.Bxf5+ Nxf5 27.Rg4 Bf8 
28.Ng2 Bh6 29.e4 dxe4+ 30.Rxe4 Rxe4 31.Kxe4 Re8+ 32.Kxf5 Rxe2 33.Nh4 Kd7 
34.Kf6 Ke8 35.Rh3 Re4 36.Nf3 Rf4+ 37.Ke5 Ke7 0-1

[Event "19th EUR-ch"]
[Site "Batumi GEO"]
[Date "2018.03.22"]
[Round "6.43"]
[White "Movsesian, Sergei"]
[Black "Sanikidze, Tornike"]
[Result "1-0"]
[WhiteElo "2632"]
[BlackElo "2501"]
[EventDate "2018.03.17"]
[PlyCount "107"]

1.e4 e5 2.Nf3 Nc6 3.Bc4 Bc5 4.O-O Nf6 5.d3 O-O 6.c3 d6 7.a4 a5 8.Bb3 Ba7 
9.Na3 Ne7 10.Bg5 Ng6 11.Nh4 Nxh4 12.Bxh4 h6 13.Kh1 g5 14.Bg3 Be6 15.Bc2 c6
16.d4 Bb8 17.b3 Kg7 18.f3 Nh5 19.Bf2 Nf4 20.Nc4 Bxc4 21.bxc4 Ba7 22.Rb1 
Qe7 23.Be3 Ne6 24.g3 f6 25.f4 Rf7 26.Qd3 Rd8 27.Bd1 Kg8 28.Bh5 Rg7 29.f5 
Nf8 30.Rfd1 Rd7 31.Kg2 c5 32.Rb5 b6 33.Rb2 Qd8 34.Rbd2 Bb8 35.Qb1 Bc7 36.
Qb5 Rge7 37.Qc6 Kg7 38.Kf3 Bb8 39.Rb1 Bc7 40.h4 exd4 41.cxd4 d5 42.e5 Bxe5
43.dxe5 Rxe5 44.Rxd5 Rdxd5 45.cxd5 Qe7 46.Re1 Rxf5+ 47.Kg2 Qe4+ 48.Kg1 
Qxd5 49.Qc7+ Kg8 50.hxg5 hxg5 51.Qxb6 Ne6 52.Qb8+ Kg7 53.Qe8 Nf8 54.Bf2 
1-0

[Event "19th EUR-ch"]
[Site "Batumi GEO"]
[Date "2018.03.22"]
[Round "6.44"]
[White "Kobo, Ori"]
[Black "Lupulescu, Constantin"]
[Result "0-1"]
[WhiteElo "2500"]
[BlackElo "2627"]
[EventDate "2018.03.17"]
[PlyCount "111"]

1.Nf3 d5 2.g3 c5 3.Bg2 Nf6 4.O-O Nc6 5.d4 e6 6.c4 dxc4 7.Ne5 Bd7 8.Na3 
cxd4 9.Naxc4 Be7 10.Qb3 Qc7 11.Bf4 Nh5 12.Nxc6 Nxf4 13.Nxe7 Nxg2 14.Kxg2 
b5 15.Nd5 exd5 16.Nd2 O-O 17.Nf3 Qb6 18.Rfd1 Rae8 19.Nxd4 Re5 20.Rac1 Rfe8
21.Qc3 Qg6 22.Kg1 Qh5 23.h4 h6 24.Qa3 g5 25.Qd6 Bg4 26.f3 gxh4 27.fxg4 
Qxg4 28.Rc3 hxg3 29.Rdd3 Rg5 30.Qxh6 Rg6 31.Qh1 b4 32.Rc2 g2 33.Qh3 Qf4 
34.Rd1 Rh6 35.e3 Rxh3 36.Rxg2+ Qg3 37.Nf5 Qxg2+ 38.Kxg2 Rh5 39.Rxd5 Kh7 
40.Kf3 Rh2 41.Ra5 Kg6 42.b3 Re6 43.Nd4 Rf6+ 44.Ke4 a6 45.Nf3 Rh5 46.Ne5+ 
Kg7 47.Rc5 Re6 48.Kd4 Rd6+ 49.Ke4 Rh4+ 50.Kf3 Rf6+ 51.Ke2 Rh2+ 52.Kd3 Rxa2
53.Rc4 Rd6+ 54.Ke4 Re6 55.Rc7 Rf2 56.Kd4 0-1

[Event "19th EUR-ch"]
[Site "Batumi GEO"]
[Date "2018.03.22"]
[Round "6.45"]
[White "Hakobyan, Aram"]
[Black "Oparin, Grigoriy"]
[Result "1-0"]
[WhiteElo "2497"]
[BlackElo "2622"]
[EventDate "2018.03.17"]
[PlyCount "73"]

1.c4 Nf6 2.Nc3 e6 3.Nf3 b6 4.e4 Bb7 5.Qe2 c5 6.e5 Ng8 7.d4 cxd4 8.Nxd4 Nc6
9.Nxc6 Bxc6 10.h4 f6 11.Rh3 fxe5 12.Qh5+ g6 13.Qxe5 Qf6 14.Qe2 Qf5 15.g4 
Qf7 16.Bd2 Bg7 17.Nd5 O-O-O 18.Rf3 Qe8 19.c5 exd5 20.Re3 d6 21.Qa6+ Bb7 
22.Qxa7 Qc6 23.cxb6 Bxb2 24.Rc1 Bxc1 25.Rc3 Bxd2+ 26.Kxd2 Ne7 27.Ba6 Qxc3+
28.Kxc3 Kd7 29.Qxb7+ Ke6 30.Bb5 Kf7 31.Bd7 Ra8 32.a4 Rhb8 33.Qc7 Rc8 34.
Bxc8 Rxc8 35.Qxc8 Nxc8 36.b7 d4+ 37.Kd2 1-0

[Event "19th EUR-ch"]
[Site "Batumi GEO"]
[Date "2018.03.22"]
[Round "6.46"]
[White "Yilmaz, Mustafa"]
[Black "Flom, Gabriel"]
[Result "1/2-1/2"]
[WhiteElo "2619"]
[BlackElo "2493"]
[EventDate "2018.03.17"]
[PlyCount "212"]

1.d4 Nf6 2.c4 e6 3.Nf3 d5 4.Nc3 c6 5.e3 Nbd7 6.Qc2 Bd6 7.Bd3 O-O 8.O-O 
dxc4 9.Bxc4 b5 10.Be2 Bb7 11.e4 e5 12.dxe5 Nxe5 13.Nh4 g6 14.f4 Neg4 15.g3
Bc5+ 16.Kh1 b4 17.Nd1 Bd4 18.h3 c5 19.Bf3 Nh5 20.Qg2 Ngf6 21.Kh2 Re8 22.e5
Nd5 23.Nf2 Rb8 24.Ng4 Ba8 25.Qc2 Kh8 26.Nh6 Rf8 27.N4f5 Ng7 28.Nxd4 cxd4 
29.Qd3 Ne7 30.Bxa8 Rxa8 31.Bd2 a5 32.Rac1 Ngf5 33.Nxf5 Nxf5 34.g4 Ng7 35.
Rc4 Qd5 36.Qxd4 Qe6 37.Qe4 Rac8 38.Rfc1 h5 39.Kg3 Rg8 40.Kf3 Rxc4 41.Qxc4 
Qd7 42.Be3 Rd8 43.Qc6 Qd3 44.Qe4 Qd7 45.Kg3 Rg8 46.Qc6 Qd3 47.Qf3 Rd8 48.
b3 Kg8 49.Kf2 a4 50.bxa4 Qa3 51.Rc2 Qxa4 52.Qe4 Qd7 53.Rd2 Qe7 54.Rxd8+ 
Qxd8 55.Ke2 Qa5 56.Qc4 Qa8 57.Kf2 Qh1 58.Qf1 Qd5 59.Qb1 hxg4 60.hxg4 g5 
61.f5 Qxe5 62.Qxb4 Qh2+ 63.Kf3 Qxa2 64.Bxg5 Qd5+ 65.Qe4 Qd1+ 66.Kg3 Qg1+ 
67.Qg2 Qxg2+ 68.Kxg2 Ne8 69.Kf3 f6 70.Be3 Nd6 71.Bf4 Nf7 72.Ke4 Kf8 73.Kd5
Ke7 74.Kc6 Nd8+ 75.Kc7 Nf7 76.Kc8 Ke8 77.Kc7 Ke7 78.Kc6 Nd8+ 79.Kc5 Nf7 
80.Kd5 Kd7 81.Kc5 Ke7 82.Kc6 Nd8+ 83.Kd5 Nf7 84.Bd2 Kd7 85.Ke4 Nd6+ 86.Kf4
Ke8 87.Bb4 Nf7 88.Ke4 Nh6 89.Kf3 Nf7 90.Bd2 Ne5+ 91.Kg3 Kf7 92.Bc3 Nc4 93.
Kf4 Ke7 94.Ke4 Nd6+ 95.Kd5 Nf7 96.Bd2 Kd7 97.Bc1 Ke7 98.Bf4 Kd7 99.Kc5 Ke7
100.Kc6 Nd8+ 101.Kb6 Kd7 102.Bh6 Kd6 103.Bf8+ Ke5 104.Bg7 Kf4 105.Bxf6 
Kxg4 106.Bxd8 Kxf5 1/2-1/2

[Event "19th EUR-ch"]
[Site "Batumi GEO"]
[Date "2018.03.22"]
[Round "6.48"]
[White "Zanan, Evgeny"]
[Black "Jojua, Davit"]
[Result "1/2-1/2"]
[WhiteElo "2493"]
[BlackElo "2601"]
[EventDate "2018.03.17"]
[PlyCount "81"]

1.d4 Nf6 2.c4 g6 3.Nc3 Bg7 4.e4 d6 5.f3 O-O 6.Be3 Nc6 7.Nge2 a6 8.Qd2 Rb8 
9.Rc1 Bd7 10.Nd1 e5 11.d5 Ne7 12.c5 Ne8 13.g3 f5 14.Bg2 Nf6 15.Nf2 Nh5 16.
O-O Kh8 17.Nd3 Ng8 18.b3 Nhf6 19.Nf2 Nh5 20.a4 f4 21.gxf4 Nxf4 22.Nxf4 
exf4 23.Bd4 Bxd4 24.Qxd4+ Qf6 25.Rfd1 g5 26.cxd6 cxd6 27.Rc7 Qxd4 28.Rxd4 
Nf6 29.Bh3 Bxh3 30.Nxh3 Rg8 31.Nf2 g4 32.fxg4 Nxg4 33.Nxg4 Rxg4+ 34.Kf2 
Rh4 35.Rdc4 Rxh2+ 36.Kf3 Rf8 37.Rxb7 Rh3+ 38.Kg2 Rh6 39.Kf3 Rh3+ 40.Kg2 
Rh6 41.Kf3 1/2-1/2

[Event "19th EUR-ch"]
[Site "Batumi GEO"]
[Date "2018.03.22"]
[Round "6.49"]
[White "Bologan, Viorel"]
[Black "Pavlov, Sergey"]
[Result "1-0"]
[WhiteElo "2600"]
[BlackElo "2485"]
[EventDate "2018.03.17"]
[PlyCount "81"]

1.e4 c5 2.Nf3 e6 3.d4 cxd4 4.Nxd4 Nf6 5.Nc3 Nc6 6.Ndb5 d6 7.Bf4 e5 8.Bg5 
a6 9.Na3 b5 10.Nd5 Be7 11.Bxf6 Bxf6 12.c3 Rb8 13.Nc2 Bg5 14.Be2 O-O 15.O-O
a5 16.b4 Ne7 17.Nxe7+ Bxe7 18.Ne3 Be6 19.Nd5 axb4 20.cxb4 Qd7 21.a4 Bxd5 
22.Qxd5 bxa4 23.b5 Bd8 24.Rxa4 Bb6 25.Rd1 Rfd8 26.Bc4 Bd4 27.Ra6 Rbc8 28.
Rc6 g6 29.Kh1 Kg7 30.h3 Rc7 31.f4 f6 32.f5 Rdc8 33.Rxd6 Qe8 34.Re6 Qf8 35.
Rc6 Ra7 36.b6 Re7 37.b7 Rxb7 38.Rxc8 Qxc8 39.Ba6 Qc2 40.Qxb7+ Kh6 41.Qb1 
1-0

[Event "19th EUR-ch"]
[Site "Batumi GEO"]
[Date "2018.03.22"]
[Round "6.50"]
[White "Kobalia, Mikhail"]
[Black "Mikaelyan, Arman"]
[Result "1/2-1/2"]
[WhiteElo "2599"]
[BlackElo "2486"]
[EventDate "2018.03.17"]
[PlyCount "196"]

1.e4 e5 2.Nf3 Nc6 3.Bb5 a6 4.Ba4 Nf6 5.O-O Be7 6.Re1 b5 7.Bb3 O-O 8.c3 d5 
9.d4 exd4 10.e5 Ne4 11.cxd4 Bf5 12.a3 Kh8 13.Nc3 Nxc3 14.bxc3 Na5 15.Bc2 
Bxc2 16.Qxc2 Nc4 17.a4 bxa4 18.Rxa4 a5 19.Nd2 Nb6 20.Ra2 a4 21.Re3 Qd7 22.
Rh3 h6 23.Nf1 f5 24.Ng3 Nc4 25.Nh5 Ra6 26.Nf4 a3 27.Qe2 Bg5 28.Rxa3 Bxf4 
29.Rxa6 Bxc1 30.Rd3 Bg5 31.Rd1 Nb6 32.Ra5 f4 33.Qf3 Be7 34.h3 Qc6 35.Ra7 
Nc4 36.Ra2 Qe6 37.Rda1 Nb6 38.Ra7 Qc6 39.Rb1 Bd8 40.Rba1 Kh7 41.Re1 Kg8 
42.Rb1 Qe6 43.Rb7 Kh7 44.Qg4 Qxg4 45.hxg4 f3 46.e6 fxg2 47.Re1 Nc8 48.Rb8 
Nd6 49.Ra1 Be7 50.Rxf8 Bxf8 51.Ra5 Ne4 52.c4 Ng5 53.Ra8 Bb4 54.Rb8 Ba3 55.
Rb3 Bd6 56.c5 Be7 57.f4 Nxe6 58.Re3 Bf6 59.Rxe6 Bxd4+ 60.Kxg2 Bxc5 61.Kf3 
Bd6 62.f5 Kg8 63.Ke3 Bc5+ 64.Kd3 Kf7 65.Re5 Kf6 66.Rxd5 Bd6 67.Ke4 Kg5 68.
Kf3 h5 69.f6+ Kxf6 70.Rxh5 Ke6 71.Ke4 Kf6 72.Rf5+ Kg6 73.Rb5 Kf6 74.Ra5 
Kg6 75.Kf3 Be7 76.Kg3 Bd6+ 77.Kh4 Be7+ 78.Kh3 Bd6 79.Rb5 Be7 80.Rd5 Kf6 
81.Rf5+ Kg6 82.Rb5 Bd6 83.Rd5 Kf6 84.Rf5+ Kg6 85.Kg2 Be7 86.Kf3 Bd6 87.Rb5
Be7 88.Re5 Bd6 89.Rd5 Be7 90.Kg3 Bd6+ 91.Kh4 Kf6 92.Kh5 Ke6 93.Rd1 c5 94.
Kg6 Be5 95.Rc1 Bd4 96.Rxc5 Bxc5 97.Kxg7 Be7 98.g5 Bxg5 1/2-1/2

[Event "19th EUR-ch"]
[Site "Batumi GEO"]
[Date "2018.03.22"]
[Round "6.51"]
[White "Ferreira, Jorge Viterbo"]
[Black "Smirin, Ilia"]
[Result "1-0"]
[WhiteElo "2492"]
[BlackElo "2594"]
[EventDate "2018.03.17"]
[PlyCount "159"]

1.Nf3 Nf6 2.g3 g6 3.b3 Bg7 4.Bb2 d6 5.c4 e5 6.d3 O-O 7.Bg2 Nc6 8.O-O Nh5 
9.Nc3 f5 10.e3 Kh8 11.Nd2 Nf6 12.Nd5 Be6 13.a3 Bg8 14.b4 Nxd5 15.cxd5 Nb8 
16.Nc4 Nd7 17.Rc1 b6 18.e4 Qe7 19.exf5 gxf5 20.f4 exf4 21.Bxg7+ Qxg7 22.
Rxf4 Rae8 23.Qd2 Ne5 24.Ne3 Ng6 25.Rxf5 Qd4 26.Rxf8 Nxf8 27.Kf2 Qf6+ 28.
Bf3 Ng6 29.Kg2 Qg5 30.Qb2+ Ne5 31.Nc4 Bf7 32.Nxe5 Rxe5 33.Rxc7 Kg8 34.Rxa7
Bg6 35.Ra8+ Kg7 36.Qf2 Bxd3 37.Qxb6 Qf6 38.Ra7+ Kg6 39.Qf2 Rf5 40.h4 Qe5 
41.Qd2 Be4 42.Bxe4 Qxe4+ 43.Kh2 Rxd5 44.Qg2 Qd3 45.Re7 Re5 46.Rxe5 dxe5 
47.a4 e4 48.b5 e3 49.b6 e2 50.b7 e1=N 51.Qc6+ Kg7 52.b8=Q Qe2+ 53.Kg1 Nf3+
54.Qxf3 Qxf3 55.Qb2+ Kg6 56.Kh2 Qd5 57.Qg2 Qc4 58.a5 h6 59.Qb2 Kh7 60.Qb7+
Kg8 61.Qb8+ Kh7 62.Qb2 Kg6 63.Qd2 Kh7 64.Qf2 Kg7 65.Kh3 Qc8+ 66.Kh2 Qc4 
67.Qa7+ Kg8 68.Qb8+ Kh7 69.Qe5 Qc2+ 70.Kh3 Qc8+ 71.Kg2 Qc2+ 72.Kf3 Qd3+ 
73.Kf4 Qf1+ 74.Ke4 Qe2+ 75.Kf5 Qf1+ 76.Ke6 Qa6+ 77.Kd7 Qd3+ 78.Kc8 Qa6+ 
79.Kb8 Kg8 80.Qd5+ 1-0

[Event "19th EUR-ch"]
[Site "Batumi GEO"]
[Date "2018.03.22"]
[Round "6.52"]
[White "Pantsulaia, Levan"]
[Black "Sargsian, Shant"]
[Result "1-0"]
[WhiteElo "2593"]
[BlackElo "2481"]
[EventDate "2018.03.17"]
[PlyCount "109"]

1.g3 d5 2.Bg2 e5 3.c4 Nf6 4.cxd5 Nxd5 5.Nc3 Nb6 6.d3 Be7 7.Be3 O-O 8.Rc1 
Re8 9.Qc2 Bf8 10.a3 h6 11.h3 a6 12.g4 N8d7 13.Nf3 Nf6 14.Nd2 c6 15.Nce4 
Nfd5 16.Bc5 Nf4 17.Bf1 Nd7 18.Bxf8 Nxf8 19.e3 N4g6 20.Nc4 Be6 21.Ncd6 Re7 
22.Nf5 Rd7 23.Be2 Bd5 24.h4 Ne6 25.Qc3 Qc7 26.Rg1 Bxe4 27.dxe4 Re8 28.Rd1 
Rxd1+ 29.Bxd1 Qd8 30.Rh1 Qc7 31.Bb3 Qd8 32.Ke2 Qc7 33.Ba2 Ngf8 34.b4 Kh7 
35.Rd1 Rd8 36.Rxd8 Nxd8 37.Qc5 Nfe6 38.Qd6 g6 39.Bxe6 Qxd6 40.Nxd6 fxe6 
41.Kd3 b5 42.Ne8 Kg8 43.Nc7 Kf7 44.Nxa6 Ke7 45.Nc5 Nf7 46.Kc3 Nd6 47.Kb3 
g5 48.h5 Nc8 49.a4 bxa4+ 50.Kxa4 Nb6+ 51.Ka5 Nc4+ 52.Ka6 Na3 53.Kb7 Nc2 
54.Nd3 Kd6 55.Kc8 1-0

[Event "19th EUR-ch"]
[Site "Batumi GEO"]
[Date "2018.03.22"]
[Round "6.53"]
[White "Bellaiche, Anthony"]
[Black "Brkic, Ante"]
[Result "0-1"]
[WhiteElo "2485"]
[BlackElo "2590"]
[EventDate "2018.03.17"]
[PlyCount "90"]

1.d4 Nf6 2.c4 e6 3.Nc3 Bb4 4.Qc2 d5 5.cxd5 exd5 6.Bg5 h6 7.Bh4 g5 8.Bg3 
Nc6 9.e3 h5 10.Bb5 h4 11.Be5 O-O 12.Bxf6 Qxf6 13.a3 Bxc3+ 14.bxc3 Ne7 15.
Be2 Bf5 16.Qd2 Rfe8 17.Nf3 Be4 18.h3 Ng6 19.Qd1 c5 20.O-O c4 21.Nd2 Bf5 
22.a4 Re7 23.Bf3 Qd6 24.Qc1 Bd3 25.Re1 f5 26.Nf1 Rd8 27.a5 Nf8 28.Nh2 Nh7 
29.Bd1 Nf6 30.Qa3 Qc7 31.Ra2 Rg7 32.f3 Re8 33.a6 b6 34.Qb2 Rge7 35.Qf2 f4 
36.Nf1 Bxf1 37.Qxf1 Rxe3 38.Rae2 Nh5 39.Qf2 Qe7 40.Rxe3 fxe3 41.Qc2 Nf4 
42.Qf5 e2 43.Bxe2 Kg7 44.Kh2 Qf6 45.Qc2 Qe6 0-1

[Event "19th EUR-ch"]
[Site "Batumi GEO"]
[Date "2018.03.22"]
[Round "6.54"]
[White "Hracek, Zbynek"]
[Black "Pechac, Jergus"]
[Result "1-0"]
[WhiteElo "2589"]
[BlackElo "2440"]
[EventDate "2018.03.17"]
[PlyCount "23"]

1.e4 e5 2.Nf3 Nc6 3.d4 exd4 4.Nxd4 Nf6 5.Nxc6 bxc6 6.e5 Nd5 7.c4 Ne7 8.Bd3
Ng6 9.O-O Bc5 10.Qh5 O-O 11.Nd2 d6 12.Ne4 1-0

[Event "19th EUR-ch"]
[Site "Batumi GEO"]
[Date "2018.03.22"]
[Round "6.55"]
[White "Firat, Burak"]
[Black "Esipenko, Andrey"]
[Result "0-1"]
[WhiteElo "2453"]
[BlackElo "2581"]
[EventDate "2018.03.17"]
[PlyCount "82"]

1.e4 e5 2.Nf3 Nc6 3.Bb5 a6 4.Ba4 Nf6 5.O-O Be7 6.Re1 b5 7.Bb3 d6 8.c3 O-O 
9.h3 Bb7 10.d4 Nd7 11.Nbd2 exd4 12.cxd4 Re8 13.Rb1 Bf6 14.Nf1 Na5 15.Bc2 
c5 16.d5 Nc4 17.N1h2 Nce5 18.Nxe5 Nxe5 19.f4 Ng6 20.Rf1 a5 21.Qh5 b4 22.
Nf3 a4 23.e5 dxe5 24.fxe5 Rxe5 25.Nxe5 Qxd5 26.Qf3 Nxe5 27.Qxd5 Bxd5 28.b3
axb3 29.axb3 Nc6 30.Re1 Be6 31.Be4 Rc8 32.Bxc6 Rxc6 33.Be3 h5 34.Re2 c4 
35.bxc4 Bxc4 36.Rd2 b3 37.Rc1 Rc8 38.Rf2 Be5 39.Bb6 Be6 40.Rb1 Rb8 41.Re2 
Bf6 0-1

[Event "19th EUR-ch"]
[Site "Batumi GEO"]
[Date "2018.03.22"]
[Round "6.56"]
[White "Postny, Evgeny"]
[Black "Zarubitski, Viachaslau"]
[Result "1/2-1/2"]
[WhiteElo "2579"]
[BlackElo "2425"]
[EventDate "2018.03.17"]
[PlyCount "239"]

1.d4 d5 2.c4 c6 3.Nf3 Nf6 4.Nc3 dxc4 5.a4 Bf5 6.Ne5 Nbd7 7.Nxc4 Qc7 8.g3 
e5 9.dxe5 Nxe5 10.Bf4 Nfd7 11.a5 O-O-O 12.Qc1 f6 13.a6 b5 14.Nxe5 fxe5 15.
Be3 Nc5 16.Bxc5 Bxc5 17.Bg2 Rhf8 18.O-O Bb6 19.Qg5 h6 20.Qh5 Kb8 21.Rac1 
Qd6 22.Qf3 Bc8 23.Nxb5 Rxf3 24.Nxd6 Rxf2 25.Nxc8 Rxf1+ 26.Kxf1 Be3 27.Nxa7
Kxa7 28.Ra1 c5 29.Bb7 Rd2 30.b3 Bd4 31.Ra5 g5 32.g4 Rd1+ 33.Kg2 Rg1+ 34.
Kf3 Rf1+ 35.Ke4 Rf4+ 36.Kd3 Bg1 37.h3 Rb4 38.Kc2 Bd4 39.Bd5 Rb6 40.Bc4 e4 
41.Kd2 Rf6 42.Ra4 Rf2 43.b4 cxb4 44.Rxb4 Bb6 45.Rb5 Kxa6 46.Rxg5+ Kb7 47.
Rg6 Bd8 48.Bd5+ Kc8 49.Bxe4 Rh2 50.Rg7 Bg5+ 51.Kd3 Rxh3+ 52.Bf3 Rg3 53.Ke4
Rg1 54.Ke5 Ra1 55.Bd5 Kd8 56.e4 Ra6 57.Rb7 Ke8 58.Bc4 Rf6 59.Kd5 Rf4 60.
Be2 Rf2 61.Bb5+ Kf8 62.e5 Rf7 63.Rb8+ Kg7 64.Bc6 Ra7 65.Kd6 Be7+ 66.Ke6 
Bg5 67.Bb5 Bh4 68.Kd5 Re7 69.e6 Ra7 70.Rc8 Bg5 71.Ke5 Bh4 72.Kf5 Bg5 73.
Rc6 Rb7 74.Bc4 Ra7 75.Bd5 Be7 76.Rb6 Rc7 77.Ra6 Bg5 78.Bc6 Bh4 79.Ke5 Be7 
80.Kd5 Bh4 81.Ra3 Bg5 82.Ra4 Bh4 83.Ra8 Be7 84.Ra2 Bg5 85.Ra3 Kg6 86.Rf3 
Ra7 87.Be8+ Kg7 88.Bb5 Bh4 89.Kd6 Be7+ 90.Kc6 Bf6 91.Rd3 Bh4 92.Rh3 Bf6 
93.Rd3 Bh4 94.Bc4 Bf6 95.Kb6 Re7 96.Ra3 Be5 97.Bd5 Bd4+ 98.Kc6 Be5 99.Re3 
Bf4 100.Rf3 Be5 101.Rf5 Bf6 102.Kd6 Ra7 103.Rf1 Be7+ 104.Ke5 Bh4 105.Rc1 
Bf6+ 106.Kf5 Be7 107.Rc8 Bh4 108.Rg8+ Kh7 109.Rb8 Rc7 110.Ra8 Kg7 111.Ra6 
Be7 112.Bc6 Bh4 113.Ke5 Bg3+ 114.Kd5 Bh4 115.Ra1 Bf6 116.Ra2 Re7 117.Bd7 
Bg5 118.Kd6 Bf6 119.Ra5 Kg6 120.Rf5 1/2-1/2

[Event "19th EUR-ch"]
[Site "Batumi GEO"]
[Date "2018.03.22"]
[Round "6.57"]
[White "Deac, Bogdan-Daniel"]
[Black "Voit, Daria"]
[Result "1-0"]
[WhiteElo "2572"]
[BlackElo "2382"]
[EventDate "2018.03.17"]
[PlyCount "87"]

1.Nf3 c5 2.c4 Nc6 3.d4 cxd4 4.Nxd4 Nf6 5.Nc3 g6 6.e4 d6 7.f3 Bg7 8.Be3 O-O
9.Qd2 Ne8 10.Rd1 Bd7 11.Be2 a6 12.O-O Nc7 13.Nc2 Be6 14.Bb6 Qc8 15.b3 Ne8 
16.Ne3 Nf6 17.Ned5 Nd7 18.Be3 Rb8 19.f4 Nf6 20.Nb6 Qd8 21.h3 Nd7 22.Nca4 
Nxb6 23.Nxb6 f6 24.Qc1 Qe8 25.c5 dxc5 26.Qxc5 f5 27.Bc4 Bxc4 28.Qxc4+ Rf7 
29.e5 e6 30.Rd6 Nd8 31.Rfd1 Bf8 32.R6d2 Be7 33.Nd7 Ra8 34.Qc7 Nc6 35.Qxb7 
Nb4 36.Qb6 Nd5 37.Rxd5 exd5 38.e6 Rg7 39.Qd4 h6 40.Qe5 Rc8 41.Bd4 Rh7 42.
g4 h5 43.gxf5 gxf5 44.Kh1 1-0

[Event "19th EUR-ch"]
[Site "Batumi GEO"]
[Date "2018.03.22"]
[Round "6.58"]
[White "Gadimbayli, Abdulla"]
[Black "Petrosian, Manuel"]
[Result "0-1"]
[WhiteElo "2416"]
[BlackElo "2569"]
[EventDate "2018.03.17"]
[PlyCount "110"]

1.e4 e5 2.Nf3 Nc6 3.Bb5 a6 4.Ba4 Nf6 5.O-O Nxe4 6.d4 b5 7.Bb3 d5 8.dxe5 
Be6 9.Be3 Be7 10.c3 Nc5 11.Bc2 Bg4 12.Nbd2 Ne6 13.Qb1 Bh5 14.Re1 Bg6 15.
Nb3 O-O 16.Rd1 Qd7 17.h4 Rad8 18.h5 Bxc2 19.Qxc2 f6 20.exf6 Bxf6 21.h6 
gxh6 22.Bxh6 Bg7 23.Be3 Rxf3 24.gxf3 Ne5 25.Kg2 Qf7 26.Rh1 Qxf3+ 27.Kg1 
Qg4+ 28.Kf1 Qc4+ 29.Qe2 Qe4 30.Rh3 Rf8 31.Nd2 Qc2 32.Nb3 Qf5 33.Qh5 Ng5 
34.Rg3 Ne4 35.Rxg7+ Kxg7 36.Qxf5 Rxf5 37.Ke2 Nc4 38.Rg1+ Kf7 39.Bd4 Rg5 
40.Rh1 h5 41.Rh3 Kg6 42.f3 Rg2+ 43.Kf1 Rg3 44.Rxg3+ Nxg3+ 45.Kg2 Ne2 46.
Nc5 Nxb2 47.Nxa6 Na4 48.Nxc7 Naxc3 49.Bc5 Nf4+ 50.Kf1 h4 51.Be3 Kf5 52.Bd2
d4 53.Be1 h3 54.Kg1 b4 55.Na6 Nd3 0-1

[Event "19th EUR-ch"]
[Site "Batumi GEO"]
[Date "2018.03.22"]
[Round "6.59"]
[White "Stocek, Jiri"]
[Black "Arabidze, Meri"]
[Result "1-0"]
[WhiteElo "2567"]
[BlackElo "2369"]
[EventDate "2018.03.17"]
[PlyCount "135"]

1.d4 Nf6 2.Nf3 d5 3.c4 e6 4.Nc3 Nbd7 5.e3 a6 6.a4 c5 7.cxd5 exd5 8.Be2 Bd6
9.O-O O-O 10.h3 Re8 11.Re1 cxd4 12.exd4 h6 13.Bd3 Rxe1+ 14.Qxe1 Nb8 15.Be3
Nc6 16.Rd1 Be6 17.Qd2 Rc8 18.Bf4 Bxf4 19.Qxf4 Qb6 20.Rd2 Qc7 21.Qe3 Ne8 
22.Ne5 Nd6 23.Nxc6 Qxc6 24.Qf3 b5 25.axb5 axb5 26.Rc2 Qa8 27.Qd1 Qa5 28.
Kh2 Nc4 29.Ne2 Qb4 30.Qc1 Ra8 31.Nf4 Qd6 32.g3 Qb4 33.Re2 Ra6 34.Nxd5 Qd6 
35.Qf4 Kf8 36.Qxd6+ Rxd6 37.Nc7 Bd7 38.d5 g6 39.b3 Nb6 40.Rd2 Ke7 41.Bxb5 
Bxb5 42.Nxb5 Rxd5 43.Rxd5 Nxd5 44.Kg2 Ke6 45.Kf3 Ke5 46.Ke2 g5 47.Kd3 h5 
48.Nc3 Nb6 49.Ne4 f6 50.Nd2 Kd5 51.Nc4 Nd7 52.b4 f5 53.Ne3+ Ke5 54.Ng2 f4 
55.gxf4+ gxf4 56.Nh4 Nf6 57.b5 Ne4 58.Ng6+ Kf5 59.Kd4 f3 60.Ne7+ Kf4 61.
Nd5+ Kf5 62.Ne3+ Kf4 63.b6 Nd6 64.Kd5 Nb7 65.Nc4 Kg5 66.Nd6 Nd8 67.Nf7+ 
Nxf7 68.b7 1-0